[Event "NED-ch59"]
[Site "Leeuwarden"]
[Date "2004.07.08"]
[Round "8"]
[White "Van Wely, Loek"]
[Black "Van der Wiel, John"]
[Result "1-0"]
[WhiteElo "2651"]
[BlackElo "2526"]
[Annotator "Mikhalevski,V"]
[PlyCount "95"]
[EventDate "2004.06.30"]
[EventType "tourn"]
[EventRounds "9"]
[EventCountry "NED"]
[EventCategory "12"]
[SourceTitle "CBM 102"]
[Source "ChessBase"]
[SourceDate "2004.09.23"]
[SourceVersion "1"]
[SourceVersionDate "2004.09.23"]
[SourceQuality "1"]

1. Nf3 c5 2. c4 Nf6 3. Nc3 g6 4. d4 cxd4 5. Nxd4 Nc6 6. Nc2 Bg7 7. e4 d6 8. Be2
Nd7 9. Bd2 O-O 10. O-O a5 {A relatively rare line. Black prevents b4 and
prepares Nc5. Similar positions arise also with reversed colours and so all
the ideas are identic.} (10... Nc5 11. b4 ({or} 11. f3 a5) 11... Ne6 {is much
more popular.}) 11. Re1 {White intends to meet Nc5 with Bf1 and thus to
protect the e4-pawn.} ({Here is a number of alternatives which were tested
recently.} 11. Rb1 Nc5 12. f3 f5 13. Kh1 (13. exf5 $2 Bxf5 14. Nd5 Nd4 $1 15.
Nxd4 Bxd4+ 16. Kh1 Bxb1 {1/2-1/2 Bromberger,S-Grafl,F/Augsburg GER 2002/The
Week in Chess 387 (33)}) 13... fxe4 14. Nxe4 Nxe4 15. fxe4 Rxf1+ 16. Bxf1 Ne5
17. Ne3 Bd7 {1/2-1/2 Magomedov,M-Vokarev,S/Moscow RUS 2002/The Week in Chess
379 (17).}) (11. Na3 Nc5 12. Nab5 Nd4 (12... Be6 13. Be3 a4 14. Rb1 Qa5 15. f4
f5 16. exf5 Bxf5 17. Rc1 Qb4 18. g4 Bd7 19. Nd5 Qa5 20. Bd2 Qd8 21. Bc3 $14 {
1-0 Dominguez,L-Malakhov,V/Tripoli LBA 2004/The Week in Chess 503 (46)}) 13.
Nxd4 Bxd4 14. Bh6 Bg7 15. Bxg7 Kxg7 16. Bg4 Bxg4 17. Qxg4 a4 18. Qe2 Qa5 19.
Rac1 $14 {1-0 Bologan,V-Motylev,A/Togliatti 2003/CBM 94 ext (41)}) 11... Nc5
12. Bf1 b6 {Only this move is a novelty. Black develops his bishop to b7 which
is a new idea in this position.} ({Earlier Black tested all other possible
moves.} 12... Bd7 13. Ne3 Nd4 14. Ned5 e6 15. Nf4 Bc6 16. Be3 e5 17. Nfd5 f5
$13 {1-0 Kuligowski,A-Pytel,K/Lodz 1980/MCL (56). (55)}) (12... Be6 13. Bg5 a4
14. Qd2 Qa5 15. Rac1 Rfe8 16. Na3 Nb4 17. Nab5 Bd7 18. Rcd1 Bxb5 19. Nxb5 Ne6
20. a3 Nc6 21. Be3 Rec8 22. f3 Qxd2 23. Rxd2 Na5 24. Rc2 Nb3 25. Rd1 Rc6 {
1-0 Panchenko,A-Lputian,S/Lvov 1987/TD (27) and Black obtained a good position.
}) (12... Nb4 13. Bg5 Ne6 14. Be3 Nxc2 15. Qxc2 $14 {1-0 Piasetski,L-Taylor,G/
Canada 1989/EXT 97 (47)}) (12... a4 13. Rb1 b6 14. Nb5 Bb7 15. Bc3 f6 $6 16.
Ne3 $14 {1-0 Rocha,S-Frois,A/Aveiro 2000/EXT 2001 (57)}) (12... f5 $5 13. exf5
Bxf5 14. Be3 $2 (14. Ne3 $5) 14... Nb4 $1 15. Nd4 Bxd4 16. Qxd4 Nc2 17. Qh4
Nxa1 18. Bg5 Ne6 $1 19. Rxa1 Nxg5 $19 {1/2-1/2 Dvoirys,S-Van der Weide,K/
Dieren 2000/CBM 77 ext (45)}) 13. Na3 Bb7 14. Rc1 Rc8 15. Bg5 {Usually with
this move white wants to provoke weakening of the black's position.} Nd4 16.
Qd2 {Now he connects the rooks and prevents h6.} Re8 17. f3 Nce6 18. Be3 f5 19.
Nd5 $1 {[%csl Rb6] Underlining the main weakness in Black's position-the
b6-pawn.} ({White had at his disposal an interesting tactical idea, however
its outcome is unclear.} 19. Ncb5 $5 Nxb5 20. exf5 $1 Ned4 $1 {[%cal Gd4f5]} (
20... Nxa3 21. fxe6 {[%csl Ra3]}) 21. cxb5 $1 Rxc1 22. Qxc1 Nxf5 23. Nc4 $13 {
[%csl Rb6]}) 19... fxe4 20. fxe4 Rf8 21. Rc3 $1 {[%cal Gc3d3] Suddenly Van
Wely creates a threat of Rd3 and Black is beginning to feel uncomfortable.} Rf3
$5 {[%cal Gf3e3] A nice positional idea. Although it doesn't seem that Black
will have sufficient compensation for the exchange he's going to sacrifice,
the game shows that active knight on d4 and strong dark-squared bishop
dominate the board.} ({It was necessary to regroup the pieces immediately.} 
21... Nc6 $1 22. Rb3 Nc5 23. Rxb6 {[%cal Ge3c5]} Rb8 $1 {[%cal Ge7e6]}) 22. Kh1
Rxe3 $1 (22... Rf7 {loses a pawn.} 23. Rd3 {[%csl Rb6]}) 23. Qxe3 Nc5 {[%cal
Ge7e6]} 24. Rcc1 (24. Rd1 Nc6 25. Rc2 e6 26. Nc3 {was more precise.}) 24... e6
25. Nc3 Qh4 ({Black could try to strengthen his knight on d4 by means of} 25...
Be5 $1 26. Rcd1 Qf6 {and it's not so easy for White to improve the position.})
26. Rcd1 Rf8 ({And again} 26... Be5 $5 27. g3 Qf6 {was worth trying.}) 27. g3
Qf6 28. Bg2 Qf2 29. Qc1 $1 {[%cal Ge1f1]} (29. Qxf2 Rxf2 {would only help
Black to create counterplay.}) 29... Qf6 30. Qe3 Qf2 31. Qc1 Qf6 32. Rf1 $1 {
White exchanges a couple of pieces and his advantage is becoming decisive.} Qe5
33. Rxf8+ Kxf8 (33... Bxf8 34. Qf4 {is even worse.}) 34. Qf4+ Qxf4 35. gxf4 {
Now White will deal with the d4-knight.} Ke7 36. Kg1 {[%cal Gg1f2,Gf2e3]} Nc6
$2 {Black's last hope was his strong knight on d4. After this retreat White's
task is much simplier.} (36... e5 $1 {was the only chance to create some
counterplay.}) 37. Nab5 $1 {[%csl Rd6]} Ba6 $2 (37... Nb4 38. Rxd6 Bxc3 39.
bxc3 Nbd3 {would hardly save the game, but at least could put more problems.})
38. e5 $1 $18 {The rest is easy and doesn't require comments.} Nb4 39. Rxd6 Bh6
40. Ne2 Nbd3 41. Rxb6 Nxf4 42. Nxf4 Bxf4 43. Rc6 Bxb5 44. cxb5 Bxe5 45. Kf1 Nd7
46. Bh3 Bxh2 47. Rxe6+ Kd8 48. Ra6 1-0

[Event "FRA-ch"]
[Site "Val d'Isere"]
[Date "2004.08.25"]
[Round "10"]
[White "Fressinet, Laurent"]
[Black "Maze, Sebastien"]
[Result "1/2-1/2"]
[WhiteElo "2637"]
[BlackElo "2497"]
[Annotator "Mikhalevski,V"]
[PlyCount "61"]
[EventDate "2004.08.16"]
[EventType "tourn"]
[EventRounds "11"]
[EventCountry "FRA"]
[EventCategory "13"]
[SourceTitle "CBM 103"]
[Source "ChessBase"]
[SourceDate "2004.11.11"]
[SourceVersion "1"]
[SourceVersionDate "2004.11.11"]
[SourceQuality "1"]

1. e4 c5 2. Nf3 Nc6 3. d4 cxd4 4. Nxd4 g6 5. c4 Nf6 {Setting a well-known trap.
} 6. Nc3 (6. Nxc6 bxc6 7. e5 $2 Qa5+ {[%csl Re1,Re5]}) 6... d6 7. Nc2 Bg7 8.
Be2 Nd7 9. Bd2 O-O 10. O-O {A not very dangerous setup for Black. It's
interesting that the same position exists with reversed colours.} Nc5 11. b4 {
This is the extra tempo White obtains comparing to the English. Otherwise
White would have to consoder Bxc3 followed by Nxe4.} Ne6 {[%cal Gf7f5,Ge6d4]} (
{Now it's dangerous to win a pawn.} 11... Bxc3 12. Bxc3 Nxe4 13. Bb2 {and
White obtains a much better version of English with reversed colours where
White goes back to e1(in fact, I'm talking about black and Be8)}) 12. Rc1 (12.
Rb1 {is the main alternative.}) 12... a5 ({Earlier} 12... Ned4 {was the main
line.}) 13. a3 axb4 14. axb4 Ned4 {[%csl Rb4]} 15. Nxd4 Nxd4 16. Be3 Nxe2+ {
Black wants to obtain a position with bishops of opposite colours. As the
practice shows Black doesn't experience much problems despite weakening of the
dark squares.} (16... Nc6 $2 $146 17. Nd5 $16 {Pigusov-Reinderman, EU-ch Ohrid
2001/CBM84[Tsesarsky]}) 17. Qxe2 Be6 18. Rfd1 Bxc3 19. Rxc3 {[%cal Gc4c5] In
this line White can't hope for something more than a slight advantage, but
Black has to be very careful as White is more active.} Qc7 {Unpinning the
d-pawn as c5 was threatening.} (19... Qb8 $6 {Not the best square for the
queen. The text is safer} 20. Bf4 Rc8 21. Rcc1 b6 ({Black could look for
counterplay by playing} 21... Qa7 $5 {[%cal Ga7a2] Unpinning the d-pawn and
preparing eschange of queens.} 22. e5 Qa2 $1 23. Qe1 Bxc4 (23... Rxc4 24. Ra1
$16 {[%csl Ra8]}) 24. exd6 exd6 25. Rxd6 {and Black still has to be careful as
the dark squares around the black king are extremly weak..}) 22. e5 $1 dxe5 23.
Bxe5 Qb7 24. Re1 {[%csl Re6,Re7,Rg8][%cal Ge5a1] White prepares Ba1 which will
be followed by either Qb2 or Qe5.} h5 25. Bd4 {[%cal Ge2e5,Ge2e3] White
prepares not only Qe5, but also Qe3 with the idea of Qh6.} Kh7 26. h3 (26. Qe5
$5 Rg8 27. Qb5 $1 $16 {[%csl Rb6] with a serious advantage.}) 26... Rc7 27. Qe5
Rg8 28. Qf4 $1 {1-0 Speelman,J-Pigusov,E/Sochi 1982/MCD (37). (36) and Black
is in trouble.}) 20. c5 Rfd8 {A new continuation. Black is not afraid of a pin
along the b8-h2 diagonal as he has no problems to unpin the queen thanks to a
pin along the c-file. It seems that every logical move is enough for equality
in this position, however in a real game Black has a lot of problems to solve.}
({Black also defended successfully after both} 20... Rfc8 21. Rcc1 dxc5 22.
Rxc5 Qb8 23. h3 Rxc5 24. Bxc5 Qc7 25. Qe3 f6 26. f4 Rd8 27. Rc1 Qd7 $11 {
1/2-1/2 Dominguez,L-Malakhov,V/Tripoli LBA 2004/The Week in Chess 503 (37). 
(36)}) ({and} 20... dxc5 21. Rxc5 Qb6 22. Qd2 Bb3 23. Re1 Qe6 24. Qc3 Rfc8 25.
Rc1 Rxc5 26. bxc5 Ba4 27. f3 {1/2-1/2 Barnsley,A-Maubrises,E/IECG 2003/
Telechess CBM 99 (27)}) 21. Bf4 Qc8 22. h3 $2 {Too slow. White couldn't wait.}
({He misses a good chance to seize an initiative.} 22. Qe1 $3 {[%cal Gc3d3]
Now it's not easy to stop a pin Rcd3.} dxc5 $2 {loses to} (22... d5 {is better,
but White is still a clear favourite here.}) 23. Rxc5 {[%csl Rc8] traping the
queen.} Rxd1 24. Rxc8+) (22. Rcd3 $2 Bc4) 22... dxc5 23. Rxc5 Rxd1+ 24. Qxd1
Qd8 {Black exchanges pieces and pawns and gets a relief.} 25. Qxd8+ (25. Qe1 {
was the last real chance to continue the fight for a win, although after} Ra3
$1 {Black should be able to equalize.}) 25... Rxd8 26. e5 (26. Bh6 Rd1+ 27. Kh2
Bd7 $1 {[%cal Gb7b5,Gf7f6] and Black stabilizes the position.}) 26... Kg7 $11 {
[%csl Gh6] A safe way to a draw. Black covers the h6-square and thus the last
White's chance has gone.} (26... Rd4 {Required some calculations and so text
is simplier and better.} 27. Bh6 Rh4 $5 28. Bg5 Rxb4 $11) 27. Be3 Rd5 {
Certainly exchange of rooks leads to an immediate draw. So} 28. Rc1 {The very
last try to play on.} h6 29. Bc5 Bd7 {The bishop comes to c6 protecting the
weak c6-pawn and White has nothing to hope for anymore.} (29... f6 $5) {
So after} 30. Ra1 f6 $1 31. exf6+ {a draw was agreed. This game is another
prove that this line doesn't promise much for white.} 1/2-1/2

[Event "Olympiad-29"]
[Site "Novi Sad"]
[Date "1990.11.21"]
[Round "5"]
[White "Spraggett, Kevin"]
[Black "Andersson, Ulf"]
[Result "0-1"]
[WhiteElo "2540"]
[BlackElo "2630"]
[Annotator "Pekarek,A"]
[PlyCount "90"]
[EventDate "1990.11.17"]
[EventType "team-swiss"]
[EventRounds "14"]
[EventCountry "YUG"]
[SourceTitle "TD"]
[Source "ChessBase"]
[SourceDate "1994.03.01"]
[SourceVersion "1"]
[SourceVersionDate "1994.03.01"]
[SourceQuality "1"]
[WhiteTeam "Canada"]
[BlackTeam "Sweden"]
[WhiteTeamCountry "CAN"]
[BlackTeamCountry "SWE"]

1. e4 c5 2. Nf3 Nc6 3. d4 cxd4 4. Nxd4 g6 5. c4 Nf6 6. Nc3 d6 7. Nc2 Bg7 8. Be2
O-O 9. O-O a6 (9... Nd7) 10. Re1 (10. Bd2 $142) 10... Rb8 11. Bd2 Bd7 12. Rb1
Ne8 13. b4 Nc7 14. a4 $6 (14. Nd5) 14... a5 $1 15. b5 Nd4 16. Nxd4 Bxd4 17. Rb3
$2 (17. Nd5 $142 Ne6 18. Bh6 Bg7 19. Qd2) 17... e5 $17 18. Bf1 (18. Nd5 $142
Ne6 19. Be3 Rc8 (19... Nc5 20. Bxd4 exd4 (20... Nxb3 21. Bb6) 21. Rf3 {<->d6,f6
}) (19... Bxe3 20. Nxe3 Nd4 21. Rd3 Be6 22. Rd2 {P c2}) 20. Bf1 f5 $17) 18...
Ne6 19. Nd5 Nc5 20. Rg3 Be6 21. Bc3 (21. Bh6 Bxd5 22. Bxf8 Nxe4 23. Rf3 Nc3)
21... Bxd5 22. Bxd4 Nxe4 23. Ra3 exd4 24. Qxd4 Nf6 25. cxd5 Nd7 $1 26. Rae3 Qf6
27. Qa7 (27. Qxf6 Nxf6 28. g3 Nd7 $17) 27... Nc5 28. Qxa5 Ra8 29. Qc7 Rxa4 30.
Rf3 (30. g3 Kg7 (30... Qd8 31. Qxd8 Rxd8 32. Re8+ Rxe8 33. Rxe8+ Kg7 34. Rd8)
31. Bg2 Ra1) 30... Rf4 $19 31. Rxf4 Qxf4 32. g3 Qf6 {P d8} 33. Qa5 Qd8 34. Qc3
Re8 35. Rc1 Qe7 36. h4 h5 37. Bg2 Qe2 38. Qf6 Qe5 39. Qf3 Kg7 40. Qd1 Ra8 41.
Qc2 Ra3 42. b6 Rb3 43. Rb1 Rxb1+ 44. Qxb1 Qd4 45. Qc2 Qb4 0-1

[Event "FRA-ch"]
[Site "Aix les Bains"]
[Date "2003.08.22"]
[Round "5"]
[White "Fontaine, Robert"]
[Black "Degraeve, Jean Marc"]
[Result "1/2-1/2"]
[WhiteElo "2541"]
[BlackElo "2541"]
[Annotator "Postny,E"]
[PlyCount "66"]
[EventDate "2003.08.18"]
[EventType "tourn"]
[EventRounds "11"]
[EventCountry "FRA"]
[EventCategory "13"]
[SourceTitle "CBM 097"]
[Source "ChessBase"]
[SourceDate "2003.11.11"]
[SourceVersion "1"]
[SourceVersionDate "2003.11.11"]
[SourceQuality "1"]

1. e4 c5 2. Nf3 Nc6 3. d4 cxd4 4. Nxd4 g6 5. c4 Nf6 6. Nc3 d6 7. Nc2 Bg7 8. Be2
Nd7 {Creating positional threat 9...Bxc3.} 9. Bd2 Nc5 10. O-O O-O 11. b4 Ne6 ({
It's very dangerous for black to accept the pawn sacrifice:} 11... Bxc3 12.
Bxc3 Nxe4 13. Bb2 {- see the encounter Svidler,P-Tiviakov,S/Halkidiki 2002/CBM
92 [Tsesarsky]}) 12. Rb1 (12. Kh1 Ned4 13. Nxd4 Nxd4 14. Bd3 a5 15. b5 Ne6 16.
Rc1 Nc5 17. Bb1 b6 $11 {1/2-1/2 Ivanchuk,V-Andersson,U/Tilburg 1990/CBM 20 (37)
}) ({Another common move is} 12. Rc1 {- see the annotated game Pigusov,
E-Reinderman,D/Ohrid 2001/CBM 84 [Tsesarsky]}) 12... Ned4 (12... a5 13. b5 Ncd4
14. b6 Nxc2 15. Qxc2 Bd7 16. Nd5 Bc6 17. Bg4 Nc5 18. Bg5 Bxd5 19. cxd5 $14 {
0-1 Salov,V-Adams,M/Dos Hermanas 1995/CBM 47 [Boensch,U] (67)}) 13. Nxd4 Nxd4
14. Bd3 (14. Nd5 e6 15. Ne3 b6 16. Bd3 Bb7 17. Nc2 Nxc2 18. Qxc2 Rc8 19. Qa4
Rc7 20. Be3 Qa8 21. f3 f5 22. exf5 gxf5 $132 {0-1 Sokolov,I-Reinderman,D/
Rotterdam 1999/CBM 72 (65)}) 14... a5 $6 $146 {Dubious novelty.} (14... b6 15.
f4 a5 {- see the annotated game Karjakin,S-Tiviakov,S/Dos Hermanas 2003/CBM 95
[Tsesarsky]}) (14... Bd7 15. Re1 Rc8 16. Bf1 Be6 17. Nd5 Bxd5 18. exd5 e5 19.
dxe6 fxe6 20. Be3 e5 21. Bd3 $14 {1-0 Arkhipov,S-Espig,L/Muenster 1991/EXT 97 
(56)}) 15. bxa5 $1 {Good and concrete decision. White is breaking his own pawn
formation, but managing to seize the initiative.} (15. a3 axb4 16. axb4 Ra3
$132) 15... Rxa5 (15... Qxa5 16. Nd5 Qd8 17. a4 $14) 16. a4 e6 $6 {Very risky
continuation, since it seriously weakens the d6 pawn.} (16... Ra8 17. Nd5 $14)
17. Nb5 Ra6 $6 {The rook on a6 is vulnerable.} (17... Ra8 18. Bb4 Nxb5 19. cxb5
$16) 18. Bb4 Bd7 19. c5 $1 {[%csl Ra6][%cal Gd3a6]} (19. Bxd6 $4 Bxb5 20. Bxf8
Bxa4 $19) 19... Nc6 $1 (19... Bxb5 20. Bxb5 {winning a pawn without any
compensation. The move in the text allows black to eliminate white's strong
dark-squared bishop.}) 20. Nxd6 Nxb4 21. Rxb4 Ra7 22. Bb5 (22. Nxb7 $6 Qc7 23.
Qb3 Bxa4 24. Rxa4 Rxb7 $14) 22... Bc6 23. Bxc6 $6 {White should not be in a
hurry with this exchange.} ({More flexible would have been} 23. Qd2) 23... bxc6
24. Qc2 Be5 25. Rd1 (25. Nc4 $2 Qd4 $1 {[%csl Rc5,Gd4]}) 25... Qa5 26. Rdb1 Qd8
27. g3 $2 {Throwing away the advantage.} (27. Nc4 $16) 27... Bxd6 28. Rd4 Qf6
29. Rxd6 Rfa8 30. Rxc6 ({Stronger would have been} 30. f4 $1 Rxa4 31. e5 Qe7
32. Rxc6 {but black seems to hold here as well, because of weakness of white's
king.}) 30... Rxa4 {Probably this position was incorrectly evaluated by R.
Fontaine before playing 27.g3. Black's counterplay is sufficient for equality.}
31. Rcb6 Qd4 32. Rd1 Ra2 33. Rxd4 Rxc2 (33... Rxc2 $11 34. c6 $2 (34. Rd3 $11)
34... Raa2 35. Rd7 Rxf2 36. c7 Rfc2 $17) 1/2-1/2

[Event "Cappelle op 32nd"]
[Site "Cappelle la Grande"]
[Date "2016.02.13"]
[Round "1"]
[White "Gupta, Abhijeet"]
[Black "Song, Michael"]
[Result "1-0"]
[WhiteElo "2613"]
[BlackElo "2376"]
[Annotator "Primel,D"]
[PlyCount "65"]
[EventDate "2016.02.13"]
[EventType "swiss"]
[EventRounds "9"]
[EventCountry "FRA"]
[SourceTitle "EXT 2017"]
[Source "ChessBase"]
[SourceDate "2016.10.25"]
[SourceVersion "1"]
[SourceVersionDate "2016.10.25"]
[SourceQuality "1"]
[TimeControl "40/5400+30:1800+30"]
[WhiteClock "1:30:00"]
[BlackClock "1:30:00"]

1. Nf3 Nf6 2. c4 g6 3. Nc3 Bg7 4. e4 c5 5. d4 cxd4 6. Nxd4 Nc6 7. Nc2 (7. Be3)
7... O-O 8. Be2 d6 9. O-O Nd7 {[%cal Gg7c3]} 10. Bd2 (10. Be3 Bxc3 $5) 10...
Nc5 11. f3 f5 $146 (11... a5 12. Kh1 Kh8 13. Rb1 f5 14. exf5 Bxf5 15. Ra1 Nd3
16. b3 Nb2 17. Qb1 Nd4 18. Qxb2 Nxc2 19. Rac1 Nd4 20. Be3 Bd7 21. Rfd1 Nf5 22.
Bf2 Bc6 23. Bd3 Qe8 24. Qe2 Qf7 25. Be4 Rae8 26. Bb6 Be5 27. Bxa5 Qg7 28. Qd2
g5 29. Ne2 Bxe4 30. fxe4 Nh6 31. Bb6 Bxh2 32. Kxh2 Ng4+ 33. Kg1 d5 34. exd5 Qh6
35. Qd4+ {1-0 (35) Laznicka,V (2667)-Polak,T (2512) Czechia 2015}) 12. exf5
gxf5 13. Be3 f4 14. Bf2 Bf5 15. Qd2 Bxc2 $6 16. Qxc2 Bd4 17. Rad1 e5 18. Bd3
$14 {[%csl Rh7]} Rf6 19. Bxh7+ Kh8 20. Bf5 Bxf2+ 21. Rxf2 Nd4 22. Rxd4 exd4 23.
Nd5 Rf7 24. b4 Qg5 25. Bg4 Nd7 26. Bxd7 Rxd7 27. Re2 Rf7 28. Qd2 Rc8 29. Qxd4+
Qg7 30. Qf2 Rff8 31. Re7 Qa1+ 32. Re1 Qg7 33. Ne7 1-0

[Event "BL2-Ost 0001"]
[Site "Germany"]
[Date "2001.01.07"]
[Round "4.1"]
[White "Prusikin, Michael"]
[Black "Petrosian, Suren"]
[Result "1-0"]
[WhiteElo "2460"]
[BlackElo "2393"]
[Annotator "Prusikin,M"]
[PlyCount "81"]
[EventDate "2000.10.15"]
[EventType "team-tourn"]
[EventRounds "9"]
[EventCountry "GER"]
[SourceTitle "EXT 2014"]
[Source "ChessBase"]
[SourceDate "2013.11.20"]
[SourceVersion "1"]
[SourceVersionDate "2013.11.20"]
[SourceQuality "1"]
[WhiteTeam "Forchheim"]
[BlackTeam "Empor Erfurt"]
[WhiteTeamCountry "GER"]
[BlackTeamCountry "GER"]

1. d4 Nf6 2. Nf3 g6 3. c4 c5 4. Nc3 cxd4 5. Nxd4 Nc6 6. Nc2 Bg7 7. e4 O-O 8.
Be2 d6 9. O-O Nd7 10. Bd2 Nc5 11. b4 Bxc3 $2 {Vielleicht noch spielbar, aber
aus praktischer Sicht zu riskant.} ({Nach} 11... Ne6 {sehe ich hingegen kein
Problem für Schwarz:} 12. Rc1 a5 13. a3 axb4 14. axb4 Ned4 15. Nxd4 Nxd4 16.
Be3 Nxe2+ 17. Qxe2 Be6 $11) 12. Bxc3 Nxe4 13. Bb2 Be6 $6 (13... e5 {um, die
lange schwarze Diagonale zu schließen, sieht logischer aus.}) 14. b5 Ne5 $2 {
Der entscheidende Fehler,} ({sowohl nach} 14... Nb8 $146 15. Qd4 Nf6 16. Ne3
Nbd7 {als auch im Falle von}) (14... Qb6 $5 $146 {scheint Schwarz im Spiel zu
bleiben, obwohl seine Stellung in beiden Fällen gefährlich aussieht}) 15. Qd4
Nf6 16. f4 Ned7 17. g4 $1 $18 {Eine Neuerung, die die Variante "schließt".
Erstaunlicherweise kam die Stellung nach der vorliegenden Partie noch 5 Mal
vor, unter anderem in dem Hochkaräter Svidler-Tiviakov. Die schwarze Ausbeute
betrug dabei... 0 uas 5!} Qb6 18. f5 Bxc4 19. Bxc4 Nxg4 20. Qxb6 Nxb6 21. Bb3
Rac8 22. h3 Ne5 23. Ne3 Nbc4 24. Nxc4 Nxc4 25. f6 Nxb2 26. fxe7 Rfe8 27. Bxf7+
Kg7 28. Bxe8 Rxe8 29. Rae1 Nc4 30. Re6 Na3 31. b6 axb6 32. Rf8 Rxf8 33. exf8=Q+
Kxf8 34. Rxd6 Nc4 35. Rd7 Na5 36. Rxh7 b5 37. Rc7 b4 38. Rc5 Nc6 39. Rb5 Ke7
40. Rxb7+ Kd6 41. Rb5 1-0